书目信息 |
| 题名: |
秦桧研究
|
|
| 作者: | 韩酉山 著 | |
| 分册: | ||
| 出版信息: | 北京 人民出版社 2008.10 |
|
| 页数: | 40, 365页 | |
| 开本: | 23cm | |
| 丛书名: | 淅江文化研究工程成果文库 | |
| 单 册: | ||
| 中图分类: | K827=442 | |
| 科图分类: | ||
| 主题词: | ||
| 电子资源: | ||
| ISBN: | 978-7-01-006802-2 | |
| 000 | 01023nam 2200265 450 | |
| 001 | 012009466166 | |
| 005 | 20090622105923.53 | |
| 010 | @a978-7-01-006802-2@dCNY60.00 | |
| 100 | @a20090622d2008 em y0chiy0120 ea | |
| 101 | 0 | @achi |
| 102 | @aCN@b110000 | |
| 105 | @ay z 000yd | |
| 106 | @ar | |
| 200 | 1 | @a秦桧研究@Aqin hui yan jiu@f韩酉山著@Fhan you shan zhu |
| 210 | @a北京@c人民出版社@d2008.10 | |
| 215 | @a40, 365页@d23cm | |
| 225 | 2 | @a淅江文化研究工程成果文库@Axi jiang wen hua yan jiu gong cheng cheng guo wen ku@i南宋史研究丛书@i南宋人物 |
| 300 | @a国家“十一五”重点图书出版规划项目 杭州市社会科学院重大课题 | |
| 330 | @a本书内容包括:从囚徙到内奸、第一次入相、谋夺诸将兵权,诬杀岳飞父子、严密控制科举,网罗政治仆从、秦桧之死及其身后影响等。 | |
| 410 | 0 | @12001 @a淅江文化研究工程成果文库@i南宋史研究丛书@i南宋人物 |
| 600 | 0 | @a秦桧,@Aqin hui@f1090-1155@x人物研究 |
| 690 | @aK827=442@v4 | |
| 701 | 0 | @a韩酉山@Ahan you shan@4著 |
| 801 | 0 | @aCN@bQSSK@c20090622 |
| 905 | @b746318-20@dK827=442@eQ403@f3 | |
| 秦桧研究/韩酉山著.-北京:人民出版社,2008.10 |
| 40, 365页;23cm.-(淅江文化研究工程成果文库.南宋史研究丛书.南宋人物) |
| 国家“十一五”重点图书出版规划项目 杭州市社会科学院重大课题 |
| ISBN 978-7-01-006802-2:CNY60.00 |
| 本书内容包括:从囚徙到内奸、第一次入相、谋夺诸将兵权,诬杀岳飞父子、严密控制科举,网罗政治仆从、秦桧之死及其身后影响等。 |
| ● |
| 相关链接 |
|
|
|
正题名:秦桧研究
索取号:K827=442/Q403
 
预约/预借
| 序号 | 登录号 | 条形码 | 馆藏地/架位号 | 状态 | 备注 |
| 1 | 746318 | 207463181 | 社科库309/309社科库 58排1列6层/ [索取号:K827=442/Q403] | 在馆 | |
| 2 | 746319 | 207463190 | 社科库309/309社科库 58排1列6层/ [索取号:K827=442/Q403] | 在馆 | |
| 3 | 746320 | 207463207 | 社科库309/309社科库 58排1列6层/ [索取号:K827=442/Q403] | 在馆 |